| 000 | 00642nam a2200181Ia 4500 | ||
|---|---|---|---|
| 003 | GCL | ||
| 008 | 140319s9999 xx 000 0 ara d | ||
| 040 |
_aGCL / _cGCL |
||
| 082 | 0 | 4 |
_a811.4 _bم ش |
| 100 | 1 | _aمحمود الجومرد | |
| 245 | 1 | 0 |
_aشاعر المنارة: مخلد بن بكار الموصلى 170 - 232 / _cمحمود الجومرد |
| 300 | _a132 ص | ||
| 490 |
_aالهيئة العامة للاستعلامات _v0 |
||
| 650 | 0 | 4 | _aالشعراء العرب |
| 650 | 0 | 4 | _aالشعر العربى - العصر العباسى الاول |
| 650 | 0 | 4 | _aمخلد بن بكار الموصلى(170 - 232 |
| 942 |
_2ddc _cBK |
||
| 999 |
_c49273 _d49273 |
||